Spell it--write! / (Record no. 12415)
[ view plain ]
| 000 -LEADER | |
|---|---|
| fixed length control field | 01091cam a2200373Ia 4500 |
| 020 ## - INTERNATIONAL STANDARD BOOK NUMBER | |
| ISBN | 0880854049 (Gr. K) |
| 020 ## - INTERNATIONAL STANDARD BOOK NUMBER | |
| ISBN | 9780880854047 (Gr. K) |
| 020 ## - INTERNATIONAL STANDARD BOOK NUMBER | |
| ISBN | 0880854057 (Gr. 1) |
| 020 ## - INTERNATIONAL STANDARD BOOK NUMBER | |
| ISBN | 9780880854054 (Gr. 1) |
| 020 ## - INTERNATIONAL STANDARD BOOK NUMBER | |
| ISBN | 0880854146 (Gr. 2) |
| 020 ## - INTERNATIONAL STANDARD BOOK NUMBER | |
| ISBN | 9780880854146 (Gr. 2) |
| 020 ## - INTERNATIONAL STANDARD BOOK NUMBER | |
| ISBN | 0880854154 (Gr. 3) |
| 020 ## - INTERNATIONAL STANDARD BOOK NUMBER | |
| ISBN | 9780880854153 (Gr. 3) |
| 020 ## - INTERNATIONAL STANDARD BOOK NUMBER | |
| ISBN | 0880854162 (Gr. 4) |
| 020 ## - INTERNATIONAL STANDARD BOOK NUMBER | |
| ISBN | 9780880854160 (Gr. 4) |
| 020 ## - INTERNATIONAL STANDARD BOOK NUMBER | |
| ISBN | 0880854170 (Gr. 5) |
| 020 ## - INTERNATIONAL STANDARD BOOK NUMBER | |
| ISBN | 9780880854177 (Gr. 5) |
| 020 ## - INTERNATIONAL STANDARD BOOK NUMBER | |
| ISBN | 0880854189 (Gr. 6) |
| 020 ## - INTERNATIONAL STANDARD BOOK NUMBER | |
| ISBN | 9780880854184 (Gr. 6) |
| 020 ## - INTERNATIONAL STANDARD BOOK NUMBER | |
| ISBN | 0880854197 (Gr. 7) |
| 020 ## - INTERNATIONAL STANDARD BOOK NUMBER | |
| ISBN | 9780880854191 (Gr. 7) |
| 020 ## - INTERNATIONAL STANDARD BOOK NUMBER | |
| ISBN | 0880854200 (Gr. 8) |
| 020 ## - INTERNATIONAL STANDARD BOOK NUMBER | |
| ISBN | 9780880854207 (Gr. 8) |
| 040 ## - CATALOGING SOURCE | |
| Transcribing agency | HNW |
| 082 ## - DEWEY DECIMAL CLASSIFICATION NUMBER | |
| Classification number | 421 ZAN 1995 A022 Or. |
| 100 1# - MAIN ENTRY--AUTHOR NAME | |
| Personal name | Gentry, J. Richard. |
| 245 10 - TITLE STATEMENT | |
| Title | Spell it--write! / |
| 260 ## - PUBLICATION, DISTRIBUTION, ETC. (IMPRINT) | |
| Place of publication | Columbus, Ohio : |
| Name of publisher | Zaner-Bloser, |
| Year of publication | c1995. |
| 300 ## - PHYSICAL DESCRIPTION | |
| Number of Pages | 9 v. : |
| Other physical details | ill. ; |
| Dimensions | 31 cm. + |
| Accompanying material | 9 teacher's eds. + 9 blackline masters books. |
| 500 ## - GENERAL NOTE | |
| General note | Grades K-8. |
| 650 #0 - SUBJECT ADDED ENTRY--TOPICAL TERM | |
| Topical Term | English language |
| 650 #0 - SUBJECT ADDED ENTRY--TOPICAL TERM | |
| Topical Term | Spellers. |
| 942 ## - ADDED ENTRY ELEMENTS (KOHA) | |
| Koha item type | សៀវភៅភាសាអង់គ្លេស |
| 952 ## - LOCATION AND ITEM INFORMATION (KOHA) | |
| Withdrawn status [LOCAL, KOHA] | 0 |
| 952 ## - LOCATION AND ITEM INFORMATION (KOHA) | |
| Withdrawn status [LOCAL, KOHA] | 0 |
| Permanent Location | Date acquired | Koha item type | Lost status | Shelving location | Barcode | Current Location | Full call number |
|---|---|---|---|---|---|---|---|
| Library Block A | 2017-08-14 | សៀវភៅភាសាអង់គ្លេស | A022 | A16065 | Library Block A | 421 ZAN 1995 A022 Or. | |
| Library Block A | 2017-08-14 | សៀវភៅភាសាអង់គ្លេស | A022 | A16498 | Library Block A | 421 ZAN 1995 A022 Or. |